| 000 | 00723nam a2200229Ia 4500 | ||
|---|---|---|---|
| 003 | GCL | ||
| 008 | 140319s9999 xx 000 0 ara d | ||
| 040 |
_aGCL / _cGCL |
||
| 082 | 0 | 4 |
_a342.003 _bد م |
| 100 | 1 | _aمنصور القاضى | |
| 245 | 1 | 0 |
_aالمعجم الدستورى / _cمنصور القاضى |
| 700 | 1 | _aدوهاميل، اوليفية | |
| 700 | 1 | _aمينى, ايف | |
| 300 | _a1367 ص | ||
| 490 |
_aالهيئة العامة للاستعلامات _v0 |
||
| 650 | 0 | 4 | _aالدستور |
| 650 | 0 | 4 | _aالقانون الادارى |
| 650 | 0 | 4 | _aالقانون الدستورى |
| 650 | 0 | 4 | _aالحكم النيابى |
| 650 | 0 | 4 | _aالقانون الدستورى - معاجم |
| 942 |
_2ddc _cBK |
||
| 999 |
_c51922 _d51922 |
||